000 01479nam a22002657a 4500
005 20081126161640.0
008 081126t xxu||||| |||| 00| 0hin d
010 _aHIN-92851
020 _a8190419501
_c295.00
035 _aHN-65197
037 _bDBAD/PUB
040 _aDPL
_bHN
082 _a954.083
100 _aगुप्त, रमेश मिलन
_91965
110 _aखत्री, अयोध्या प्रसाद द्वारा संकलित;रामनिरंजन परिमलेन्दु धावारा संपादित
_91966
245 _aपहला स्वाधीनता संग्राम
_cरमेश गुप्त मिलन
246 _aPahalaa swaadhintaa sangraama
_bby Ramesh Gupt ' Milan '
260 _aदिल्ली
_bहिमालय प्रकाशन
_c2011
270 _aए-76/4, गली नं.12, ईस्ट आजाद नगर
_bदिल्ली
_e110051
300 _a207पृ.
_c21सेमी(सजिल्द)
_bसचित्र
651 _aभारत
_xइतिहास
_yसैन्य विद्रोह, 1857-1858
_91967
651 _aIndia
_xHistory
_ySepoy Rebellion, 1857-1858
_91968
942 _2ddc
_cHN
_h954.083
_mगुप्तर
999 _c52736
_d52736